| Tag |
First Indicator |
Second Indicator |
Subfields |
| LEADER |
00000cam a2200000 i 4500 |
| 001 |
in00000067275 |
| 005 |
20151008051919.0 |
| 008 |
780627r19651963oku 00000 eng d |
| 035 |
|
|
|a (OCoLC)04012993
|
| 035 |
|
|
|9 AAH0695AM
|
| 040 |
|
|
|a AZN
|c AZN
|d TXA
|d UtOrBLW
|
| 049 |
|
|
|a TXAM
|c [458244]
|
| 090 |
|
|
|a UE157
|b .C3 1965
|
| 092 |
|
|
|a 357
|b C748c, 1863r
|
| 110 |
1 |
|
|a Confederate States of America.
|b Army.
|b Department of Indian Territory.
|
| 245 |
1 |
0 |
|a Cavalry tactics :
|b single rank formations and skirmish drill for mounted rifles. For the instruction of the forces of the Confederate States, in the Department of Indian Territory. Boggy Depot, C.N., May 1963.
|
| 264 |
|
1 |
|a [Tulsa, Okla.] :
|b [Thomas Gilcrease Institute of American History and Art],
|c [1965]
|
| 300 |
|
|
|a 37 pages ;
|c 15 cm.
|
| 336 |
|
|
|a text
|b txt
|2 rdacontent
|
| 337 |
|
|
|a unmediated
|b n
|2 rdamedia
|
| 338 |
|
|
|a volume
|b nc
|2 rdacarrier
|
| 610 |
1 |
0 |
|a Confederate States of America.
|b Army.
|b Cavalry
|x Drill and tactics.
|
| 999 |
|
|
|a MARS
|
| 999 |
f |
f |
|s a2d0c6ae-f615-3d6b-84bf-8917c4eb148a
|i 0659eb7d-b078-3a0d-9675-0c95d6d090bd
|t 0
|
| 952 |
f |
f |
|p ric
|a Texas A&M University
|b Rellis Campus
|c Joint Library Facility
|d Remote Storage
|t 0
|e UE157 .C3 1965
|h Library of Congress classification
|i unmediated -- volume
|m A14800806275
|
| 998 |
f |
f |
|a UE157 .C3 1965
|t 0
|l Remote Storage
|